[Event "CP-2012-Q-00004"]
[Site "LSS email"]
[Date "2013.12.17"]
[Round "?"]
[White "Maur, Rainer"]
[Black "Nenciulescu, Silviu Catalin"]
[Result "1-0"]
[WhiteElo "2056"]
[BlackElo "1973"]
[PlyCount "33"]
[EventDate "2013.12.22"]
[EventType "tourn (corr)"]
[EventRounds "6"]
[EventCountry "GER"]
[SourceTitle "Corr 2015"]
[Source "ChessBase"]
[SourceDate "2015.07.17"]
[SourceVersion "1"]
[SourceVersionDate "2015.07.17"]
[SourceQuality "1"]

1. e4 c5 2. Nf3 d6 3. d4 cxd4 4. Nxd4 Nf6 5. Nc3 g6 6. Be3 Bg7 7. f3 Nc6 8. Qd2 0-0 9. 0-0-0 d5 10. exd5 Nxd5 11. Nxc6 bxc6 12. Bd4 Bxd4 13. Qxd4 Qb6 14. Na4 Qc7 15. Bc4 Rd8 16. Bb3 Bf5 17. g3 1-0

[Event "BI-2013-P-00017"]
[Site "LSS email"]
[Date "2013.04.22"]
[Round "?"]
[White "Bartsch, Christian"]
[Black "Nenciulescu, Silviu Catalin"]
[Result "0-1"]
[WhiteElo "1914"]
[BlackElo "2057"]
[PlyCount "78"]
[EventDate "2013.04.25"]
[EventType "tourn (corr)"]
[EventRounds "10"]
[EventCountry "GER"]
[SourceTitle "Telechess CBM 167"]
[Source "ChessBase"]
[SourceDate "2015.07.13"]
[SourceVersion "1"]
[SourceVersionDate "2015.07.13"]
[SourceQuality "1"]

1. e4 c5 2. Nf3 d6 3. d4 cxd4 4. Nxd4 Nf6 5. Nc3 a6 6. Bg5 e6 7. f4 Qb6 8. Qd2 Qxb2 9. Rb1 Qa3 10. e5 dxe5 11. fxe5 h6 12. Bh4 g5 13. exf6 gxh4 14. Be2 Qa5 15. 0-0 Nd7 16. Kh1 Qg5 17. Rf4 e5 18. Nd5 exd4 19. Qxd4 Kd8 20. Rd1 h3 21. g3 Bd6 22. Nb6 Bc5 23. Qb2 Kc7 24. Nxd7 Rd8 25. Nxc5 Rxd1+ 26. Bxd1 Qxc5 27. Bf3 Rb8 28. Re4 Be6 29. c4 Qb6 30. Qe5+ Qd6 31. c5 Qxe5 32. Rxe5 b5 33. Kg1 a5 34. a3 b4 35. axb4 a4 36. Kf2 Rxb4 37. Bd5 Rb2+ 38. Kf3 Bxd5+ 39. Rxd5 a3 0-1

[Event "BI-2013-P-00017"]
[Site "LSS email"]
[Date "2013.04.22"]
[Round "?"]
[White "Nenciulescu, Silviu Catalin"]
[Black "Kerecsenyi, Zoltan"]
[Result "1/2-1/2"]
[WhiteElo "2057"]
[BlackElo "1582"]
[PlyCount "74"]
[EventDate "2013.04.25"]
[EventType "tourn (corr)"]
[EventRounds "10"]
[EventCountry "GER"]
[SourceTitle "Telechess CBM 167"]
[Source "ChessBase"]
[SourceDate "2015.07.13"]
[SourceVersion "1"]
[SourceVersionDate "2015.07.13"]
[SourceQuality "1"]

1. c4 Nf6 2. d4 g6 3. Nc3 d5 4. Nf3 Bg7 5. Qb3 dxc4 6. Qxc4 0-0 7. e4 a6 8. Qb3 b5 9. Be2 c5 10. dxc5 Bb7 11. e5 Nfd7 12. Be3 Nxe5 13. Nxe5 Bxe5 14. 0-0 Nc6 15. Rfd1 Nd4 16. Bxd4 Bxd4 17. Bf1 e5 18. Ne2 Qg5 19. Nxd4 exd4 20. Rxd4 Qxc5 21. Rad1 Rae8 22. a4 Re4 23. Rxe4 Bxe4 24. axb5 axb5 25. h3 Bc6 26. Rd3 Ra8 27. Rc3 Qd6 28. Qc2 Ra6 29. Rd3 Qf6 30. Qc1 Kg7 31. Rb3 Qe5 32. Rc3 Qd6 33. Rc5 Bd7 34. Qc3+ f6 35. b4 Rc6 36. Qa3 Rxc5 37. bxc5 Qc7 1/2-1/2

[Event "BI-2013-P-00017"]
[Site "LSS email"]
[Date "2013.04.22"]
[Round "?"]
[White "Nenciulescu, Silviu Catalin"]
[Black "Tittarelli, Adriano"]
[Result "1-0"]
[WhiteElo "2057"]
[BlackElo "1042"]
[PlyCount "43"]
[EventDate "2013.04.25"]
[EventType "tourn (corr)"]
[EventRounds "10"]
[EventCountry "GER"]
[SourceTitle "Telechess CBM 167"]
[Source "ChessBase"]
[SourceDate "2015.07.13"]
[SourceVersion "1"]
[SourceVersionDate "2015.07.13"]
[SourceQuality "1"]

1. c4 g5 2. d4 c5 3. dxc5 Bg7 4. Nc3 Bxc3+ 5. bxc3 h6 6. Be3 Nc6 7. Nf3 Qa5 8. Qc1 Nf6 9. g3 Ne4 10. Nd4 Nxc5 11. Nb3 Nxb3 12. axb3 Qc7 13. h4 Na5 14. Qa3 b6 15. hxg5 Bb7 16. Rxh6 0-0-0 17. c5 Nc6 18. Bf4 d6 19. cxd6 Qd7 20. dxe7 Nxe7 21. Qxa7 Rxh6 22. Qb8# 1-0

[Event "WC-2017-P-00011"]
[Site "LSS email"]
[Date "2013.02.27"]
[Round "?"]
[White "Nenciulescu, Silviu Catalin"]
[Black "Kawagoe, Toshiji"]
[Result "1-0"]
[WhiteElo "1943"]
[BlackElo "1835"]
[PlyCount "93"]
[EventDate "2013.03.03"]
[EventType "tourn (corr)"]
[EventRounds "12"]
[EventCountry "GER"]
[SourceTitle "Telechess CBM 167"]
[Source "ChessBase"]
[SourceDate "2015.07.13"]
[SourceVersion "1"]
[SourceVersionDate "2015.07.13"]
[SourceQuality "1"]

1. d4 d5 2. c4 c6 3. Nf3 Nf6 4. Nc3 dxc4 5. a4 Bf5 6. Ne5 Nbd7 7. Nxc4 Nb6 8. Ne5 a5 9. g3 e6 10. Bg2 Bb4 11. 0-0 0-0 12. e3 h6 13. Qe2 Bh7 14. Rd1 Nfd7 15. Nd3 Qe7 16. e4 Rfd8 17. Bf4 Nf6 18. f3 Rxd4 19. Be3 e5 20. Na2 Bd6 21. Bxd4 exd4 22. Nac1 Rd8 23. Nb3 c5 24. Nf2 Nbd5 25. Nxa5 Ne3 26. Rd2 Bc7 27. Nxb7 Rb8 28. Qa6 Bxg3 29. hxg3 Rxb7 30. Nd3 Rb8 31. Qc6 c4 32. Qc5 Qxc5 33. Nxc5 Rc8 34. a5 Rxc5 35. a6 Rc8 36. a7 Ra8 37. Rxd4 Kf8 38. Ra6 Nxg2 39. Kxg2 Ke7 40. Rxc4 Kd8 41. b4 Nd7 42. b5 h5 43. Rd4 Ke7 44. Rb4 Nb6 45. Rb2 f5 46. exf5 Bxf5 47. Rxb6 1-0

[Event "WC-2017-P-00011"]
[Site "LSS email"]
[Date "2013.02.27"]
[Round "?"]
[White "Nenciulescu, Silviu Catalin"]
[Black "Osipov, Anatoly Vladimirovi"]
[Result "1/2-1/2"]
[WhiteElo "1943"]
[BlackElo "2160"]
[PlyCount "99"]
[EventDate "2013.03.03"]
[EventType "tourn (corr)"]
[EventRounds "12"]
[EventCountry "GER"]
[SourceTitle "Telechess CBM 167"]
[Source "ChessBase"]
[SourceDate "2015.07.13"]
[SourceVersion "1"]
[SourceVersionDate "2015.07.13"]
[SourceQuality "1"]

1. d4 Nf6 2. c4 e6 3. Nf3 b6 4. Nc3 Bb7 5. a3 d5 6. cxd5 Nxd5 7. Bd2 Nd7 8. Qc2 c5 9. Nxd5 exd5 10. dxc5 bxc5 11. e3 Bd6 12. Bd3 Qe7 13. 0-0 g6 14. Be2 0-0 15. Bc3 Rac8 16. Rad1 Rfe8 17. Rfe1 Nf6 18. h3 Ne4 19. Bb5 Nxc3 20. bxc3 Red8 21. c4 a6 22. Ba4 Bc7 23. Qc3 d4 24. exd4 Qf6 25. Rd3 cxd4 26. Rxd4 Rxd4 27. Qxd4 Qxd4 28. Nxd4 Bd6 29. Bb3 Bxa3 30. Nc2 Bc5 31. Kf1 Kg7 32. f3 Rd8 33. Re5 Rc8 34. Ne1 Bd4 35. Re2 a5 36. Ra2 Bc3 37. Rc2 Bb4 38. Nd3 Be7 39. Ra2 Bd8 40. Ke2 Ba6 41. Ra4 h5 42. Kd2 h4 43. Kd1 Rb8 44. Bc2 Rc8 45. Bb3 g5 46. Kd2 f5 47. Kd1 Kf6 48. Kd2 Rb8 49. Kc2 Rc8 50. Kd2 1/2-1/2

[Event "BI-2012-F-00006"]
[Site "LSS email"]
[Date "2013.02.15"]
[Round "?"]
[White "Martucci, Massimo"]
[Black "Nenciulescu, Silviu Catalin"]
[Result "1/2-1/2"]
[WhiteElo "2109"]
[BlackElo "1943"]
[PlyCount "46"]
[EventDate "2013.02.20"]
[EventType "tourn (corr)"]
[EventRounds "10"]
[EventCountry "GER"]
[SourceTitle "Telechess CBM 167"]
[Source "ChessBase"]
[SourceDate "2015.07.13"]
[SourceVersion "1"]
[SourceVersionDate "2015.07.13"]
[SourceQuality "1"]

1. e4 e5 2. Nf3 Nc6 3. Bb5 a6 4. Ba4 Nf6 5. 0-0 Be7 6. Re1 b5 7. Bb3 0-0 8. h3 Bb7 9. d3 d6 10. a3 Na5 11. Ba2 c5 12. Nbd2 Bc8 13. c3 Be6 14. Bxe6 fxe6 15. b4 Nc6 16. Qb3 Qd7 17. bxc5 dxc5 18. a4 Rab8 19. axb5 axb5 20. Ng5 c4 21. dxc4 b4 22. c5 bxc3 23. Qxc3 Qd4 1/2-1/2

[Event "BI-2012-F-00006"]
[Site "LSS email"]
[Date "2013.02.15"]
[Round "?"]
[White "Nenciulescu, Silviu Catalin"]
[Black "Aalderink, Gerwin"]
[Result "1-0"]
[WhiteElo "1943"]
[BlackElo "1957"]
[PlyCount "77"]
[EventDate "2013.02.20"]
[EventType "tourn (corr)"]
[EventRounds "10"]
[EventCountry "GER"]
[SourceTitle "Telechess CBM 167"]
[Source "ChessBase"]
[SourceDate "2015.07.13"]
[SourceVersion "1"]
[SourceVersionDate "2015.07.13"]
[SourceQuality "1"]

1. d4 f5 2. c4 Nf6 3. Nc3 g6 4. g3 Bg7 5. Bg2 d6 6. Nh3 0-0 7. d5 c6 8. 0-0 Qe8 9. Rb1 Na6 10. b4 Bd7 11. Qb3 Nc7 12. c5 Ncxd5 13. Nxd5 cxd5 14. Bxd5+ Nxd5 15. Qxd5+ e6 16. Qxd6 Bb5 17. Ng5 Bc4 18. Bb2 e5 19. Qd2 Qa4 20. a3 Rfe8 21. Rfe1 Bf6 22. Qc3 Bb5 23. Nf3 Rad8 24. Nd2 Qa6 25. a4 Bxa4 26. Nc4 Re6 27. Ra1 Rd5 28. Na5 e4 29. Qa3 b5 30. Bxf6 Rxf6 31. c6 Rd8 32. Qa2+ Kg7 33. Rec1 Rc8 34. Qd5 Rc7 35. Rc5 Qc8 36. Qe5 g5 37. Rd5 Rcf7 38. Rc1 Qc7 39. Qd4 1-0

[Event "SM-2012-0-00236"]
[Site "LSS email"]
[Date "2013.01.05"]
[Round "?"]
[White "Nenciulescu, Silviu Catalin"]
[Black "Steinke, Ruediger"]
[Result "1/2-1/2"]
[WhiteElo "2068"]
[BlackElo "2223"]
[PlyCount "45"]
[EventDate "2012.12.23"]
[EventType "tourn (corr)"]
[EventRounds "6"]
[EventCountry "GER"]
[SourceTitle "Telechess CBM 161"]
[Source "ChessBase"]
[SourceDate "2014.07.16"]
[SourceVersion "1"]
[SourceVersionDate "2014.07.16"]
[SourceQuality "1"]

1. d4 Nf6 2. c4 g6 3. Nc3 Bg7 4. e4 d6 5. Nf3 0-0 6. h3 e5 7. d5 a5 8. Bd3 Na6 9. 0-0 Nh5 10. Bg5 Qe8 11. Bc2 f5 12. exf5 gxf5 13. Qd2 Bd7 14. Rae1 Qf7 15. a3 Kh8 16. Kh1 Bf6 17. Rg1 Bxg5 18. Nxg5 Qf6 19. Bd1 Ng7 20. f4 h6 21. Nf3 e4 22. Nd4 Nc5 23. Be2 1/2-1/2

[Event "SM-2012-0-00236"]
[Site "LSS email"]
[Date "2013.01.01"]
[Round "?"]
[White "Depasse, Jean Marc"]
[Black "Nenciulescu, Silviu Catalin"]
[Result "1/2-1/2"]
[WhiteElo "2244"]
[BlackElo "2068"]
[PlyCount "56"]
[EventDate "2012.12.23"]
[EventType "tourn (corr)"]
[EventRounds "6"]
[EventCountry "GER"]
[SourceTitle "Telechess CBM 161"]
[Source "ChessBase"]
[SourceDate "2014.07.16"]
[SourceVersion "1"]
[SourceVersionDate "2014.07.16"]
[SourceQuality "1"]

1. e4 e5 2. Nf3 Nc6 3. Bb5 a6 4. Ba4 Nf6 5. 0-0 Be7 6. Re1 b5 7. Bb3 0-0 8. c3 d5 9. exd5 Nxd5 10. Nxe5 Nxe5 11. Rxe5 c6 12. d4 Bd6 13. Re1 Qh4 14. g3 Qh3 15. Qe2 Bg4 16. Qf1 Qh5 17. Nd2 Rae8 18. f3 Rxe1 19. Qxe1 Bxf3 20. Nxf3 Qxf3 21. Bd2 Qg4 22. Qd1 Qd7 23. Qf3 Re8 24. Rf1 Bc7 25. a4 Re6 26. axb5 axb5 27. Ra1 Qd8 28. Kg2 h6 1/2-1/2

[Event "SM-2012-0-00236"]
[Site "LSS email"]
[Date "2013.01.01"]
[Round "?"]
[White "Nenciulescu, Silviu Catalin"]
[Black "Kolar, Jaroslav"]
[Result "1/2-1/2"]
[WhiteElo "2068"]
[BlackElo "2107"]
[PlyCount "39"]
[EventDate "2012.12.23"]
[EventType "tourn (corr)"]
[EventRounds "6"]
[EventCountry "GER"]
[SourceTitle "Telechess CBM 161"]
[Source "ChessBase"]
[SourceDate "2014.07.16"]
[SourceVersion "1"]
[SourceVersionDate "2014.07.16"]
[SourceQuality "1"]

1. d4 Nf6 2. c4 g6 3. Nc3 d5 4. cxd5 Nxd5 5. e4 Nxc3 6. bxc3 Bg7 7. Nf3 c5 8. Rb1 0-0 9. Be2 cxd4 10. cxd4 Qa5+ 11. Bd2 Qxa2 12. 0-0 Bg4 13. Bg5 h6 14. Be3 Nc6 15. Rxb7 Rab8 16. Rc7 Rfc8 17. Rxc8+ Rxc8 18. h3 Bd7 19. Re1 a5 20. Qa1 1/2-1/2

[Event "RA-2012-0-00253"]
[Site "LSS email"]
[Date "2012.12.31"]
[Round "?"]
[White "Gajic, Sladjan"]
[Black "Nenciulescu, Silviu Catalin"]
[Result "0-1"]
[WhiteElo "1875"]
[BlackElo "2103"]
[PlyCount "114"]
[EventDate "2012.12.09"]
[EventType "tourn (corr)"]
[EventRounds "6"]
[EventCountry "GER"]
[SourceTitle "Telechess CBM 159"]
[Source "ChessBase"]
[SourceDate "2014.03.17"]
[SourceVersion "1"]
[SourceVersionDate "2014.03.17"]
[SourceQuality "1"]

1. d4 d5 2. Nf3 Nf6 3. g3 c6 4. Bg2 g6 5. 0-0 Bg7 6. c4 0-0 7. cxd5 cxd5 8. Nc3 Ne4 9. Nxe4 dxe4 10. Ne5 Qd5 11. Bf4 f6 12. Nd3 Nc6 13. Be3 Rd8 14. Qc2 f5 15. Nf4 Qb5 16. d5 Nd4 17. Qd2 e5 18. Bxd4 exd4 19. a4 Qb3 20. Ra3 Qb6 21. a5 Qd6 22. f3 e3 23. Qd3 Rb8 24. Rb3 Bd7 25. Ne6 Bxe6 26. dxe6 Qxe6 27. f4 b5 28. axb6 Rxb6 29. Rxb6 Qxb6 30. b3 Qc7 31. Rd1 h5 32. Bf3 Kh7 33. Qc4 Qxc4 34. bxc4 Rc8 35. Rc1 Rc5 36. Bd5 a5 37. Kf1 a4 38. Rc2 Bf8 39. Ra2 Ra5 40. Ke1 a3 41. Kd1 Ra6 42. Kc2 Rb6 43. Bg2 Bc5 44. Bd5 Kg7 45. Bg2 Kf6 46. h3 Ke6 47. Bd5+ Kd6 48. Bf3 Bb4 49. Bd5 Kc5 50. Bf7 Bc3 51. Bd5 Bb2 52. Bf3 Rb4 53. Bd5 d3+ 54. exd3 e2 55. Kd2 Bc3+ 56. Kxe2 Rb2+ 57. Rxb2 axb2 0-1

[Event "SA-2012-0-00323"]
[Site "LSS email"]
[Date "2012.12.26"]
[Round "?"]
[White "Cossmann, Robert"]
[Black "Nenciulescu, Silviu Catalin"]
[Result "1/2-1/2"]
[WhiteElo "2052"]
[BlackElo "2060"]
[PlyCount "68"]
[EventDate "2012.12.11"]
[EventType "tourn (corr)"]
[EventRounds "6"]
[EventCountry "GER"]
[SourceTitle "Telechess CBM 163"]
[Source "ChessBase"]
[SourceDate "2014.11.11"]
[SourceVersion "2"]
[SourceVersionDate "2014.11.11"]
[SourceQuality "1"]

1. e4 e5 2. Nf3 Nc6 3. Bb5 a6 4. Ba4 Nf6 5. 0-0 Be7 6. Re1 b5 7. Bb3 0-0 8. h3 Bb7 9. d3 d6 10. a3 Na5 11. Ba2 c5 12. Nc3 Nc6 13. Nd5 Nxd5 14. Bxd5 Qc7 15. c3 Nb8 16. Bxb7 Qxb7 17. d4 Nd7 18. dxe5 dxe5 19. c4 Rfd8 20. Qc2 f6 21. Be3 Qc6 22. Rac1 Rac8 23. Qb3 Kh8 24. Red1 Nf8 25. Rd5 Ne6 26. Qa2 Qb7 27. cxb5 axb5 28. Rxe5 fxe5 29. Qxe6 Re8 30. Qf5 c4 31. Nxe5 Bf6 32. Bd4 Kg8 33. Bc3 Rcd8 34. f4 Qb6+ 1/2-1/2

[Event "SA-2012-0-00323"]
[Site "LSS email"]
[Date "2012.12.26"]
[Round "?"]
[White "Nenciulescu, Silviu Catalin"]
[Black "Hernandez Molina, David Enrique"]
[Result "1/2-1/2"]
[WhiteElo "2060"]
[BlackElo "2134"]
[PlyCount "104"]
[EventDate "2012.12.11"]
[EventType "tourn (corr)"]
[EventRounds "6"]
[EventCountry "GER"]
[SourceTitle "Telechess CBM 163"]
[Source "ChessBase"]
[SourceDate "2014.11.11"]
[SourceVersion "2"]
[SourceVersionDate "2014.11.11"]
[SourceQuality "1"]

1. d4 d5 2. c4 c6 3. Nf3 Nf6 4. cxd5 cxd5 5. Nc3 Nc6 6. Bf4 Bf5 7. e3 e6 8. Qb3 Bb4 9. Bb5 0-0 10. 0-0 Bxc3 11. Qxc3 Rc8 12. Rfc1 Ne4 13. Qa3 g5 14. Bg3 h5 15. Bxc6 bxc6 16. h4 g4 17. Ne1 e5 18. Bxe5 Qxh4 19. Nd3 Rfe8 20. Qa6 Rxe5 21. dxe5 c5 22. Rf1 Be6 23. Rac1 g3 24. fxg3 Nxg3 25. Nf4 Rb8 26. b3 Bg4 27. Qd3 Bf5 28. Qa6 Qh1+ 29. Kf2 Ne4+ 30. Ke2 Qh4 31. Kd1 Rd8 32. Kc2 d4 33. Kb2 dxe3 34. e6 fxe6 35. Ka3 Qf6 36. Nxh5 Qe5 37. Nf4 Qb8 38. Qa5 Rd4 39. Ne2 Rd6 40. g3 Qf8 41. Rc4 Qe7 42. Rf4 Nd2 43. Rxc5 Ne4 44. Rxe4 Bxe4 45. Rc8+ Kf7 46. Qh5+ Bg6 47. Qc5 Kf6 48. g4 Ra6+ 49. Kb2 Qxc5 50. Rxc5 Rd6 51. Nf4 Rd2+ 52. Kc1 Rxa2 1/2-1/2

[Event "SM-2012-0-00232"]
[Site "LSS email"]
[Date "2012.12.24"]
[Round "?"]
[White "Nenciulescu, Silviu Catalin"]
[Black "Ivanov, Valerij"]
[Result "1/2-1/2"]
[WhiteElo "2068"]
[BlackElo "2271"]
[PlyCount "35"]
[EventDate "2012.11.16"]
[EventType "tourn (corr)"]
[EventRounds "6"]
[EventCountry "GER"]
[SourceTitle "Corr 2015"]
[Source "ChessBase"]
[SourceDate "2015.07.17"]
[SourceVersion "1"]
[SourceVersionDate "2015.07.17"]
[SourceQuality "1"]

1. d4 Nf6 2. c4 e6 3. Nf3 Bb4+ 4. Bd2 Qe7 5. g3 Bxd2+ 6. Qxd2 Nc6 7. Nc3 d5 8. Ne5 dxc4 9. Nxc6 bxc6 10. Bg2 0-0 11. Bxc6 Rb8 12. 0-0 Qd6 13. Bg2 c5 14. Rfd1 cxd4 15. Qxd4 Qxd4 16. Rxd4 Rxb2 17. Rxc4 Rc2 18. Rc5 1/2-1/2

[Event "SM-2012-0-00232"]
[Site "LSS email"]
[Date "2012.12.24"]
[Round "?"]
[White "Nenciulescu, Silviu Catalin"]
[Black "Steinke, Ruediger"]
[Result "1/2-1/2"]
[WhiteElo "2068"]
[BlackElo "2223"]
[PlyCount "38"]
[EventDate "2012.11.16"]
[EventType "tourn (corr)"]
[EventRounds "6"]
[EventCountry "GER"]
[SourceTitle "Corr 2015"]
[Source "ChessBase"]
[SourceDate "2015.07.17"]
[SourceVersion "1"]
[SourceVersionDate "2015.07.17"]
[SourceQuality "1"]

1. d4 Nf6 2. c4 e6 3. Nf3 d5 4. Nc3 c6 5. e3 Nbd7 6. Qc2 Bd6 7. Be2 0-0 8. 0-0 dxc4 9. Bxc4 a6 10. a4 c5 11. Rd1 cxd4 12. Ne4 Nxe4 13. Qxe4 Nf6 14. Qxd4 Bc7 15. b3 Qxd4 16. Nxd4 Bd7 17. Ba3 Rfe8 18. h3 Rac8 19. Rac1 Bb6 1/2-1/2

[Event "SM-2012-0-00232"]
[Site "LSS email"]
[Date "2012.12.24"]
[Round "?"]
[White "Sherwood, Russell"]
[Black "Nenciulescu, Silviu Catalin"]
[Result "1-0"]
[WhiteElo "2179"]
[BlackElo "2068"]
[PlyCount "131"]
[EventDate "2012.11.16"]
[EventType "tourn (corr)"]
[EventRounds "6"]
[EventCountry "GER"]
[SourceTitle "Telechess CBM 163"]
[Source "ChessBase"]
[SourceDate "2014.11.11"]
[SourceVersion "2"]
[SourceVersionDate "2014.11.11"]
[SourceQuality "1"]

1. e4 e5 2. Nf3 Nc6 3. Bb5 a6 4. Ba4 Nf6 5. 0-0 Be7 6. Re1 b5 7. Bb3 0-0 8. c3 d5 9. exd5 Nxd5 10. Nxe5 Nxe5 11. Rxe5 c6 12. d4 Bd6 13. Re1 Qh4 14. g3 Qh3 15. Be3 Bg4 16. Qd3 Rae8 17. Nd2 Re6 18. a4 Qh5 19. axb5 axb5 20. Nf1 Bf5 21. Qd1 Bg4 22. Qd3 Qg6 23. Qxg6 hxg6 24. Ra6 Bb8 25. Bd2 Rxe1 26. Bxe1 Ne7 27. Nd2 Bc8 28. Ra8 Bf5 29. f3 g5 30. Ne4 g4 31. Bd1 gxf3 32. Bxf3 Bc7 33. Ra1 Re8 34. Nc5 Bd6 35. Bd2 Bxc5 36. dxc5 Be6 37. Ra6 Rc8 38. Kf2 Bd5 39. Bg4 f5 40. Bh5 g6 41. Bd1 Rc7 42. Bf4 Rd7 43. Ra8+ Kg7 44. Be5+ Kf7 45. Bd6 Ke6 46. h4 Kf6 47. Bf3 Bc4 48. Re8 Nd5 49. Rf8+ Ke6 50. g4 Ra7 51. h5 Nf6 52. g5 Nxh5 53. Rh8 Ng7 54. Bxc6 Ra2 55. Rh7 Rxb2+ 56. Kg1 Rb1+ 57. Kg2 Rb2+ 58. Kh3 Bf1+ 59. Kh4 Bg2 60. Bxg2 Rxg2 61. Rxg7 Rg4+ 62. Kh3 Rxg5 63. Bg3 Kd5 64. Bf2 Rh5+ 65. Kg2 g5 66. Rg6 1-0

[Event "SA-2012-0-00310"]
[Site "LSS email"]
[Date "2012.11.07"]
[Round "?"]
[White "Fineboim, Igor"]
[Black "Nenciulescu, Silviu Catalin"]
[Result "1/2-1/2"]
[WhiteElo "2033"]
[BlackElo "2060"]
[PlyCount "68"]
[EventDate "2012.10.22"]
[EventType "tourn (corr)"]
[EventRounds "6"]
[EventCountry "GER"]
[SourceTitle "Telechess CBM 163"]
[Source "ChessBase"]
[SourceDate "2014.11.11"]
[SourceVersion "2"]
[SourceVersionDate "2014.11.11"]
[SourceQuality "1"]

1. e4 c5 2. Nf3 d6 3. d4 cxd4 4. Nxd4 Nf6 5. Nc3 a6 6. Be3 e5 7. Nb3 Be6 8. f4 exf4 9. Bxf4 Nc6 10. Qd2 d5 11. exd5 Nxd5 12. Nxd5 Qxd5 13. 0-0-0 Qxd2+ 14. Rxd2 Be7 15. Be2 0-0 16. Bf3 Rad8 17. Re1 Rxd2 18. Bxd2 Re8 19. h3 Bh4 20. Re2 Be7 21. Bf4 g6 22. g4 Rd8 23. c3 Bc4 24. Re1 Bd5 25. Bxd5 Rxd5 26. Nd4 Bd6 27. Be3 f5 28. Nxc6 bxc6 29. gxf5 Rxf5 30. Rd1 Bc7 31. Rd7 Rf7 32. Rd3 Rf3 33. h4 a5 34. Kd2 Rh3 1/2-1/2

[Event "SA-2012-0-00310"]
[Site "LSS email"]
[Date "2012.11.07"]
[Round "?"]
[White "Nenciulescu, Silviu Catalin"]
[Black "Schenning, Albert AM"]
[Result "1/2-1/2"]
[WhiteElo "2060"]
[BlackElo "2091"]
[PlyCount "62"]
[EventDate "2012.10.22"]
[EventType "tourn (corr)"]
[EventRounds "6"]
[EventCountry "GER"]
[SourceTitle "Telechess CBM 163"]
[Source "ChessBase"]
[SourceDate "2014.11.11"]
[SourceVersion "2"]
[SourceVersionDate "2014.11.11"]
[SourceQuality "1"]

1. d4 Nf6 2. c4 g6 3. Nc3 d5 4. cxd5 Nxd5 5. e4 Nxc3 6. bxc3 Bg7 7. Nf3 0-0 8. Rb1 c5 9. Be2 cxd4 10. cxd4 Qa5+ 11. Bd2 Qxa2 12. 0-0 Bg4 13. Bg5 h6 14. Be3 Nc6 15. d5 Na5 16. Bc5 Bf6 17. e5 Bxe5 18. Rb4 Bxf3 19. Bxf3 Rfc8 20. Bxe7 Rc4 21. g3 Rxb4 22. Bxb4 Nc4 23. d6 Qb2 24. d7 Bf6 25. Bd6 Nxd6 26. Qxd6 Kg7 27. Re1 Qb5 28. Be2 Qa5 29. Rb1 b6 30. Kg2 Rd8 31. Bb5 a6 1/2-1/2

[Event "RA-2012-0-00241"]
[Site "LSS email"]
[Date "2012.10.17"]
[Round "?"]
[White "Nenciulescu, Silviu Catalin"]
[Black "Koehler, Josef"]
[Result "1/2-1/2"]
[WhiteElo "2112"]
[BlackElo "2111"]
[PlyCount "65"]
[EventDate "2012.09.12"]
[EventType "tourn (corr)"]
[EventRounds "6"]
[EventCountry "GER"]
[SourceTitle "Telechess CBM 163"]
[Source "ChessBase"]
[SourceDate "2014.11.11"]
[SourceVersion "2"]
[SourceVersionDate "2014.11.11"]
[SourceQuality "1"]

1. d4 Nf6 2. c4 e6 3. Nf3 b6 4. Nc3 Bb7 5. a3 d5 6. cxd5 Nxd5 7. Qc2 Nxc3 8. bxc3 Be7 9. e4 0-0 10. Bd3 c5 11. 0-0 Qc8 12. Qe2 Ba6 13. Rd1 Bxd3 14. Rxd3 Nd7 15. e5 cxd4 16. cxd4 Qc4 17. Bg5 Bd8 18. Rad1 Rc8 19. Rc1 Qa6 20. Rxc8 Qxc8 21. Bd2 Qc4 22. Bb4 Re8 23. Qd1 Qd5 24. Rc3 b5 25. Bd6 a6 26. a4 a5 27. axb5 Qxb5 28. Rb3 Qc6 29. Qa1 h6 30. h3 Bb6 31. Rc3 Qa8 32. Qc1 a4 33. Qd1 1/2-1/2